000 01270nam a2200325 4500
001 0000016781
003 CO-CtgCURN
005 20250423165809.0
007 ta
008 160627s1994 000 0 eng d
020 _a9682520819
040 _aCO-CtgCURN
_bspa
_ccoctgcurn
082 0 _a611.314
_bA819
100 1 _aAsh, Major M.
245 1 0 _aAnatomía, fisiología y oclusión dentales de Wheeler /
_cMajor M. Ash.
250 _a7a ed.
260 _aMexico :
_bInteramericana McGraw,
_c1994.
300 _a474 p.
336 _2rdacontent
337 _2rdamedia
_asin mediacion
_bn
338 _2rdacarrier
_avolumen
_bnc
500 _aIncluye indice Alfabetico.
505 8 _aErupcion de los dientes.--Dientes deciduos.--Fisiología de los dientes.--Periodonto.--Incisivos superiores permanentes.--Anatomía dental.--Molares permanentes.--Caninos.--Premolares permanentes.--Oclusion.--Cavidades pulpares.--Estructuras dentalestoseas dentales
650 1 4 _aAnatomía dental.
908 _a160627
942 _cBK
_h611.314
_iA819
_2ddc
_n0
999 _c21602
_d21602